El Imperio español / (Record no. 157910)
[ view plain ]
| 000 -LEADER | |
|---|---|
| campo de control de longitud fija | 00785nam a2200205 i 4500 |
| 001 - NÚMERO DE CONTROL | |
| campo de control | 157910 |
| 003 - IDENTIFICADOR DE NÚMERO DE CONTROL | |
| campo de control | ES-MaACL |
| 005 - FECHA Y HORA DE LA ÚLTIMA TRANSACCIÓN | |
| campo de control | 20240228213523.0 |
| 008 - DATOS DE LONGITUD FIJA--INFORMACIÓN GENERAL | |
| campo de control de longitud fija | 190114s1954 sp |||| | spa d |
| 100 0# - ENTRADA PRINCIPAL--NOMBRE DE PERSONA | |
| Nombre de persona | Igual Ubeda, Antonio. |
| 9 (RLIN) | 65156 |
| 245 13 - MENCIÓN DEL TÍTULO | |
| Título | El Imperio español / |
| Mención de responsabilidad, etc. | Antonio Igual Ubeda ; ilustraciones seleccionadas y clasificadas por Juan Subias Galter. |
| 260 ## - PUBLICACIÓN, DISTRIBUCIÓN, ETC. | |
| Lugar de publicación, distribución, etc. | Barcelona : |
| Nombre del editor, distribuidor, etc. | Seix y Barral, |
| Fecha de publicación, distribución, etc. | 1954. |
| 300 ## - DESCRIPCIÓN FÍSICA | |
| Extensión | 625 p., 4 h., 1 lám., lám. I-XI : |
| Otras características físicas | il. ; |
| Dimensiones | 28 cm. |
| 490 1# - MENCIÓN DE SERIE | |
| Mención de serie | Historia de la Cultura Española |
| 651 #4 - PUNTO DE ACCESO ADICIONAL DE MATERIA--NOMBRE GEOGRÁFICO | |
| Nombre geográfico | España- |
| Subdivisión general | Historia- |
| Subdivisión cronológica | 1516-1700, Casa de Austria |
| 9 (RLIN) | 8228 |
| 700 1# - ENTRADA AGREGADA--NOMBRE PERSONAL | |
| Nombre de persona | Subías Galter, Juan ( |
| Fechas asociadas al nombre | 1897-1984) |
| 9 (RLIN) | 108683 |
| 830 0# - PUNTO DE ACCESO ADICIONAL DE SERIE-TÍTULO UNIFORME | |
| Título uniforme | Historia de la Cultura Española |
| 9 (RLIN) | 183768 |
| 852 ## - LOCALIZACIÓN | |
| Ubicación | ES-MaACL |
| Número de control de estantería | P-265-4 |
| Estatus retirado | Estado de pérdida | Estado de daño | No para préstamo | Biblioteca de origen | Biblioteca actual | Ubicación en estantería | Fecha de adquisición | Fuente de adquisición | Total de préstamos | Signatura topográfica completa | Código de barras | Visto por última vez | Precio de reemplazo | Tipo de ítem Koha |
|---|---|---|---|---|---|---|---|---|---|---|---|---|---|---|
| Biblioteca del Ateneo de Madrid | Biblioteca del Ateneo de Madrid | Depósito 2 | 14/01/2019 | P-265-4 | 1199613 | 23/02/2023 | 23/02/2023 | Libro impreso |
